[Event "AUTO-OPEN-893"]
[Site "http://www.queenalice.com/game.php?id=300117"]
[Date "2007.11.7"]
[Round "1"]
[White "hab"]
[Black "smoran90"]
[Result "0-1"]
[WhiteElo "2043"]
[BlackElo "2266"]

1. d4 Nf6 2. c4 g6 3. Nc3 d5 4. Nf3 Bg7 5. cxd5 Nxd5 6. e4 Nxc3 7. bxc3 c5 8.
Rb1 O-O 9. Be2 b6 10. O-O Bb7 11. Qd3 Qc7 12. Bg5 h6 13. Bh4 cxd4 14. cxd4 Qf4
15. d5 Ba6 16. Qd1 Qxe4 17. Re1 Bb7 18. Rb5 Re8 19. Bd3 Qg4 20. Bxe7 Qd7 21. Ba3
Rxe1+ 22. Qxe1 Bxd5 23. Rxd5 Qxd5 24. Be4 Qxa2 25. Bc1 Nc6 0-1

[Event "AUTO-OPEN-893"]
[Site "http://www.queenalice.com/game.php?id=300128"]
[Date "2007.11.7"]
[Round "1"]
[White "kyloh4320"]
[Black "hab"]
[Result "0-1"]
[WhiteElo "1500"]
[BlackElo "1950"]

1. e4 e5 2. Nf3 Nc6 3. Bc4 Nf6 4. Ng5 Bc5 5. Nxf7 Bxf2+ 6. Kxf2 Nxe4+ 7. Ke1
Qh4+ 8. g3 Nxg3 9. Rg1 Nf5+ 10. Ke2 Qxc4+ 11. d3 Qxf7 12. Kd2 d5 13. Rf1 O-O 14.
Nc3 e4 15. b3 e3+ 16. Ke1 Qf6 17. Bb2 Qh4+ 18. Ke2 Ncd4# 0-1

[Event "AUTO-OPEN-893"]
[Site "http://www.queenalice.com/game.php?id=300129"]
[Date "2007.11.7"]
[Round "1"]
[White "hab"]
[Black "kyloh4320"]
[Result "1-0"]
[WhiteElo "1950"]
[BlackElo "1500"]

1. d4 d5 2. c4 e6 3. Nf3 Ne7 4. Nc3 g6 5. e4 Bg7 6. Bg5 f6 7. Be3 O-O 8. cxd5
exd5 9. exd5 Bg4 10. Qb3 Kh8 11. Be2 b6 12. Ng5 fxg5 13. Bxg4 h5 14. Be6 g4 15.
Qc2 Nd7 16. O-O-O Re8 17. h3 gxh3 18. Rxh3 Nf8 19. Bf7 Qd7 20. Rdh1 Red8 21.
Rxh5+ gxh5 22. Rxh5+ Bh6 23. Bxh6 Nh7 24. Qxh7+ Kxh7 25. Bf8# 1-0

[Event "Challenge #2"]
[Site "http://www.queenalice.com/game.php?id=302633"]
[Date "2007.11.12"]
[Round "-"]
[White "hab"]
[Black "Kirkland"]
[Result "1-0"]
[WhiteElo "1950"]
[BlackElo "2292"]

1. d4 d5 2. c4 c6 3. Nc3 Nf6 4. e3 e6 5. Nf3 Nbd7 6. Qc2 Bd6 7. g4 dxc4 8. Bxc4
e5 9. Bd2 exd4 10. Nxd4 Nb6 11. Be2 O-O 12. O-O-O Bxg4 13. Rhg1 Bxe2 14. Ncxe2
Nbd5 15. e4 1-0

[Event "AUTO-OPEN-903"]
[Site "http://www.queenalice.com/game.php?id=304642"]
[Date "2007.11.15"]
[Round "1"]
[White "lesangesleader"]
[Black "hab"]
[Result "0-1"]
[WhiteElo "1645"]
[BlackElo "2024"]

1. Nf3 d5 2. d4 c5 3. e3 Nf6 4. Bd2 e6 5. c4 cxd4 6. Nxd4 e5 7. Nf3 Nc6 8. cxd5
Nxd5 9. Bb5 Bd6 10. O-O O-O 11. Bxc6 bxc6 12. Nc3 Rb8 13. b3 Re8 14. Nxd5 cxd5
15. Bc3 e4 16. Nd4 Qc7 17. Rc1 Bxh2+ 18. Kh1 Be5 19. Nb5 Rxb5 20. Bxe5 Qxe5 21.
Qd2 Rb6 22. Rc2 Rh6+ 0-1

[Event "AUTO-OPEN-903"]
[Site "http://www.queenalice.com/game.php?id=304643"]
[Date "2007.11.15"]
[Round "1"]
[White "hab"]
[Black "lesangesleader"]
[Result "1-0"]
[WhiteElo "2034"]
[BlackElo "1677"]

1. d4 d5 2. c4 e6 3. Nf3 Nf6 4. Nc3 c6 5. e3 Bb4 6. Bd3 O-O 7. O-O Be7 8. e4
dxe4 9. Nxe4 Nbd7 10. Re1 Re8 11. Qc2 g6 12. Neg5 Bf8 13. Ne5 Nxe5 14. dxe5 Nd7
15. h4 f6 16. Nxh7 f5 17. Ng5 Bh6 18. Qe2 Nc5 19. Bc2 a6 20. Bf4 Bxg5 21. Bxg5
Qc7 22. h5 gxh5 23. Qxh5 Qf7 24. Qh2 Qh7 25. Bh6 Kf7 26. Re3 Rh8 27. Rh3 Bd7 28.
Be3 Qg7 29. Bxc5 Rxh3 30. Qxh3 Rh8 31. Rd1 Rxh3 32. Rxd7+ 1-0

[Event "AUTO-OPEN-903"]
[Site "http://www.queenalice.com/game.php?id=304668"]
[Date "2007.11.15"]
[Round "1"]
[White "hab"]
[Black "HokZ157"]
[Result "0-1"]
[WhiteElo "1975"]
[BlackElo "1418"]

1. d4 Nf6 2. c4 e6 3. Nf3 Nc6 4. a3 d5 5. Nc3 Be7 6. e3 Bd7 7. Bd3 dxc4 8. Bxc4
Bd6 9. e4 e5 10. d5 Nb8 11. O-O c6 0-1

[Event "AUTO-OPEN-903"]
[Site "http://www.queenalice.com/game.php?id=304669"]
[Date "2007.11.15"]
[Round "1"]
[White "HokZ157"]
[Black "hab"]
[Result "1-0"]
[WhiteElo "1418"]
[BlackElo "1975"]

1. e4 e5 2. f4 exf4 3. Nf3 d6 4. Bc4 h6 5. O-O g5 6. d4 Bg7 7. d5 Nd7 8. Nc3 Nc5
9. Nd4 Ne7 10. Qe2 Bxd4+ 11. Kh1 Ng6 12. Nb5 1-0

[Event "AUTO-OPEN-903"]
[Site "http://www.queenalice.com/game.php?id=304670"]
[Date "2007.11.15"]
[Round "1"]
[White "hab"]
[Black "silviopato"]
[Result "0-1"]
[WhiteElo "2063"]
[BlackElo "1978"]

1. d4 d5 2. c4 Nc6 3. Nc3 e5 4. cxd5 Nxd4 5. e3 Nf5 6. Nf3 Bd6 7. e4 Nfh6 8.
Bb5+ Bd7 9. Qb3 Ne7 10. Bxd7+ Qxd7 11. Qxb7 O-O 12. Bxh6 gxh6 13. Qa6 f5 14. O-O
fxe4 0-1

[Event "AUTO-OPEN-903"]
[Site "http://www.queenalice.com/game.php?id=304671"]
[Date "2007.11.15"]
[Round "1"]
[White "silviopato"]
[Black "hab"]
[Result "1-0"]
[WhiteElo "1997"]
[BlackElo "2044"]

1. d4 Nf6 2. c4 e6 3. Nf3 d5 4. Nc3 c6 5. Bg5 h6 6. Bh4 dxc4 7. e3 b5 8. a4 Bb4
9. Ne5 g5 10. Bg3 Nd5 11. Rc1 Qa5 12. Qh5 Rh7 13. Ng4 1-0

[Event "AUTO-MASTER-424"]
[Site "http://www.queenalice.com/game.php?id=312716"]
[Date "2007.11.30"]
[Round "1"]
[White "Tessaro"]
[Black "hab"]
[Result "1-0"]
[WhiteElo "1937"]
[BlackElo "2026"]

1. d4 Nf6 2. Nf3 g6 3. c4 Bg7 4. Nc3 d5 5. Bg5 dxc4 6. e4 c5 7. Bxc4 cxd4 8.
Nxd4 O-O 9. O-O Nxe4 10. Nxe4 Bxd4 11. Bxe7 Qxe7 12. Qxd4 Nc6 13. Qc3 1-0

[Event "AUTO-MASTER-424"]
[Site "http://www.queenalice.com/game.php?id=312717"]
[Date "2007.11.30"]
[Round "1"]
[White "hab"]
[Black "Tessaro"]
[Result "0-1"]
[WhiteElo "2006"]
[BlackElo "1957"]

1. d4 c5 2. d5 Nf6 3. c4 b5 4. cxb5 Qa5+ 5. Nc3 Ne4 6. Bd2 Nxc3 7. Bxc3 Qxb5 8.
e4 Qb6 9. Nf3 Ba6 10. Bxa6 Nxa6 11. O-O e6 12. Ne5 exd5 13. Qxd5 O-O-O 0-1

[Event "AUTO-MASTER-424"]
[Site "http://www.queenalice.com/game.php?id=312730"]
[Date "2007.11.30"]
[Round "1"]
[White "vininb"]
[Black "hab"]
[Result "1/2-1/2"]
[WhiteElo "1936"]
[BlackElo "2036"]

1. e4 e5 2. Nf3 Nc6 3. Bb5 a6 4. Ba4 Nf6 5. O-O Be7 6. Re1 b5 7. Bb3 O-O 8. c3
d5 9. exd5 Nxd5 10. Nxe5 Nxe5 11. Rxe5 c6 12. d4 Bd6 13. Re1 Qh4 14. g3 Qh3 15.
Qd3 Bf5 16. Qf1 Qh5 17. Be3 Bh3 1/2-1/2

[Event "AUTO-MASTER-424"]
[Site "http://www.queenalice.com/game.php?id=312731"]
[Date "2007.11.30"]
[Round "1"]
[White "hab"]
[Black "vininb"]
[Result "1-0"]
[WhiteElo "2051"]
[BlackElo "1942"]

1. d4 d5 2. c4 c6 3. Nc3 Nf6 4. e3 g6 5. Nf3 Bg7 6. Be2 O-O 7. O-O Nbd7 8. cxd5
Nxd5 9. Nxd5 cxd5 10. b3 e5 11. Ba3 Re8 12. dxe5 Nxe5 13. Rc1 b6 14. Qd2 Bb7 15.
Nd4 f5 16. Bb5 Bf8 17. Bxf8 Kxf8 18. Bxe8 Qxe8 19. Rc7 Ba6 20. Rfc1 Kg8 21. Nc6
1-0